000 01282cam a2200325 a 4500
001 2616225
003 OSt
005 20160412162015.0
008 981030s1999 ii a b 001 0 eng
010 _a 98032121
020 _a0761993088 (c)
020 _a0761993096 (pbk. )
040 _aDLC
_cDLC
_dDLC
043 _aa-ii---
050 0 0 _aHN49.C6
_bS56 1999
082 0 0 _a307.141
_221
_bSIN 1999
100 1 _aSingh, Katar,
_d1939-
_97747
245 1 0 _aRural development :
_bprinciples, policies, and management /
_cby Katar Singh.
250 _a2nd ed.
260 _aNew Delhi ;
_aThousand Oaks, Calif. :
_bSage,
_c1999.
300 _a353 p. :
_bill. ;
_c22 cm.
504 _aIncludes bibliographical references (p. [336]-344) and index.
650 0 _aRural development.
_92024
650 0 _aRural development projects
_zIndia
_xCase studies.
_97748
856 4 1 _3Table of contents only
_uhttp://www.loc.gov/catdir/enhancements/fy0657/98032121-t.html
856 4 2 _3Publisher description
_uhttp://www.loc.gov/catdir/enhancements/fy0660/98032121-d.html
906 _a7
_bcbc
_corignew
_d1
_eocip
_f19
_gy-gencatlg
942 _2ddc
_cSLOAN
999 _c3467
_d3467